| 000 | 00592nam a22001817a 4500 | ||
|---|---|---|---|
| 005 | 20150107130431.0 | ||
| 010 | _aENG-111499 | ||
| 020 |
_a9788174879035 _c650.00 |
||
| 035 | _aEN-95031 | ||
| 037 | _bDBAD/PUB | ||
| 100 | _aNaushaba Shaikh | ||
| 245 |
_aContribution of the Begum Nawab's to central India's art and architecture / _cby Naushaba Shaikh |
||
| 260 |
_aNew Delhi _bRadha Publications _c2014 |
||
| 270 |
_a4231/1,Ansari Road,Daryaganj _bNew Delhi _e110002 |
||
| 300 |
_axvii,138p. : _bcol. photos _c22cm(Hb) |
||
| 500 | _aIncludes bibliographical references | ||
| 942 |
_2ddc _cEN _mNAU |
||
| 999 |
_c90556 _d90556 |
||